=LDR 00000nam 2200000 4500 =001 INLIS000000000038793 =005 20130612144443 =008 ***********************************Ind** =035 ##$$0010-061300000038793 =041 ##$$a Ind =082 ##$$a 353.001 =090 ##$$a 353.001, Ind u =245 ##$$a Undang-undang pegawai negeri sipil ( PNS ) =260 ##$$a 2011 $b Jakarta =300 ##$$a 168 hlm., 20 cm =650 ##$$a Pegawai Negeri Sipil - Undang-undang dan Peraturan =850 ##$$a NBPNMAT